000 00763cam a2200325 4500
001 J108529
008 000000n2000 000 0 eng u
035 _a(Sirsi) u108529
050 _a333.337
110 _aLambert Smith Hampton
_92865
245 _aM5 corridor market review 2000
260 _aLondon
_bLambert Smith Hampton
_c2000
300 _a15p. ; 30cm.
650 _aM5
650 _aYIELDS
650 _aSECONDARY YIELDS
650 _aBIRMINGHAM
650 _aBRISTOL
650 _aRETAIL
650 _aLEISURE PROPERTY
650 _aOFFICES
650 _aWORCESTER
650 _aTEWKESBURY
650 _aCHELTENHAM
650 _aGLOUCESTER
650 _aTAUNTON
650 _aBRIDGWATER
650 _aEXETER
942 _n0
999 _c100808
_d100808